|
|
|
|
| LEADER |
01133nam a2200253 a 4500 |
| 001 |
2912101 |
| 008 |
090510s1990 nyuaf b 001 0 eng d |
| 010 |
|
|
|a \\\88037737
|
| 020 |
|
|
|a 0070232539
|
| 040 |
|
|
|a DLC
|c DLC
|d DLC
|
| 082 |
0 |
0 |
|a 621.381/73
|2 19
|
| 100 |
1 |
|
|a Geiger, Randall L.
|
| 245 |
1 |
0 |
|a VLSI design techniques for analog and digital circuits /
|c Randall L. Geiger, Phillip E. Allen, Noel R. Strader.
|
| 260 |
|
|
|a New York :
|b McGraw-Hill Pub. Co.,
|c c1990.
|
| 300 |
|
|
|a xv, 969 p., [10] p. of plates :
|b ill. (some col.) ;
|c 25 cm.
|
| 490 |
|
0 |
|a McGraw-Hill series in electrical engineering
|
| 504 |
|
|
|a Includes bibliographical references and index.
|
| 541 |
1 |
|
|e 00009909
|
| 650 |
|
0 |
|a Integrated circuits
|x Very large scale integration
|x Design and construction.
|
| 700 |
1 |
|
|a Allen, P. E.
|q (Phillip E.)
|
| 700 |
1 |
|
|a Strader, Noel R.
|
| 852 |
4 |
|
|a Ayesha Abed Library
|j Generalshelf
|
| 999 |
|
|
|c 535
|d 535
|
| 952 |
|
|
|0 0
|1 0
|2 ddc
|4 0
|6 621_381730000000000_GEI_1990
|7 0
|9 485
|a BRACUL
|b BRACUL
|c GEN
|d 2009-05-11
|g 0.00
|l 7
|m 108
|o 621.38173 GEI
|p 3010009909
|r 2023-06-07
|s 2023-06-06
|t 1
|w 2009-05-11
|y BK
|x No price found in the accession register.
|